Wind of change in renewable energy policy (Record no. 33064)

MARC details
000 -LEADER
fixed length control field 00921cab a2200253 4500
001 - CONTROL NUMBER
control field ABS45572
008 - FIXED-LENGTH DATA ELEMENTS--GENERAL INFORMATION
fixed length control field 090401t1991 xxu||||| |||| 00| 0 eng d
035 ## - SYSTEM CONTROL NUMBER
System control number (Sirsi) u53780
041 ## - LANGUAGE CODE
Language code of text/sound track or separate title eng
245 ## - TITLE STATEMENT
Title Wind of change in renewable energy policy
260 ## - PUBLICATION, DISTRIBUTION, ETC.
Date of publication, distribution, etc. 1991
350 ## - PRICE (NR) (BK AM CF MU VM SE) [OBSOLETE]
Price 0
490 ## - SERIES STATEMENT
Series statement ENDS Report
Volume/sequential designation (202) November 1991, 10-13(4)
520 ## - SUMMARY, ETC.
Summary, etc. The subsidy for electricity produced from non-fossil fuel has led to an increase in alternative power proposals such as wind farms and the utilisation of landfill and sewage gas. This article provides more details on proposals and the planning concerns.
650 ## - SUBJECT ADDED ENTRY--TOPICAL TERM
Topical term or geographic name entry element ELECTRICITY ACT 1989
650 ## - SUBJECT ADDED ENTRY--TOPICAL TERM
Topical term or geographic name entry element ELECTRICITY GENERATION
650 ## - SUBJECT ADDED ENTRY--TOPICAL TERM
Topical term or geographic name entry element NON-FOSSIL FUEL OBLIGATION
650 ## - SUBJECT ADDED ENTRY--TOPICAL TERM
Topical term or geographic name entry element PLANNING CONTROL
650 ## - SUBJECT ADDED ENTRY--TOPICAL TERM
Topical term or geographic name entry element RENEWABLE ENERGY
650 ## - SUBJECT ADDED ENTRY--TOPICAL TERM
Topical term or geographic name entry element WIND FARMS
690 ## - LOCAL SUBJECT ADDED ENTRY--TOPICAL TERM (OCLC, RLIN)
Topical term or geographic name as entry element ENVIRONMENTAL AND LAND CONSULTANCY-ENERGY
942 ## - ADDED ENTRY ELEMENTS (KOHA)
Suppress in OPAC 0
948 ## - LOCAL PROCESSING INFORMATION (OCLC); SERIES PART DESIGNATOR (RLIN)
c (OCLC) 04/03/1997
Holdings
Withdrawn status Lost status Source of classification or shelving scheme Damaged status Not for loan Home library Current library Shelving location Date acquired Total Checkouts Full call number Barcode Date last seen Copy number Price effective from Koha item type
    Dewey Decimal Classification     London London Journal article 14/09/1999   ABS45572 53780-1001 06/08/2019 1 06/08/2019 Journal article